000 00739nam a22002417a 4500
008 130821s2002 mx a gr spa
020 _a9682319900
040 _aCo-BoUCM
_bspa
041 0 0 _aspa
060 _aBF 713
_25
100 1 _aDelval, Juan
_9139631
245 1 3 _aEl desarrollo humano
_cJuan Delval
250 _a11a. ed.
260 _aMéxico D.F. (México)
_bSiglo veintiuno editores
_c2002
300 _axviii, 626 páginas
_bilustraciones, tablas, cuadros
490 _aPsicología
504 _aIncluye bibliografía
650 0 4 _aEvolución humana
_915367
650 0 4 _aLenguaje
_918359
650 0 4 _aPsicología cognitiva
_922802
650 0 4 _aPsicología
_98001
942 _cLIBRO
_a6
_e1
_mD331e
_2NLM
_hBF 713
_n0
999 _c92284
_d92284